[Event "David Pruess FNM; 30/90, SD/30"]
[Site "Berkeley"]
[Date "2008.10.10"]
[Round "6.4"]
[White "Macintyre, Brendan"]
[Black "Motschenbacher, Von"]
[Result "0-1"]
[WhiteElo "1607"]
[BlackElo "1772"]
[PlyCount "66"]
[EventDate "2008.??.??"]
[SourceDate "2007.10.22"]

1. d4 e6 2. c4 d5 3. Nc3 c5 4. e3 Nf6 5. Nf3 Nc6 6. a3 dxc4 7. Bxc4 a6 8. O-O
b5 9. Be2 Bb7 10. dxc5 Bxc5 11. b4 Be7 12. Bb2 O-O 13. Qc2 Rc8 14. Rfd1 Qc7 15.
h3 Nxb4 16. axb4 Bxb4 17. Rac1 Ne4 18. Rd3 Nxc3 19. Qd2 Nxe2+ 20. Qxe2 Qe7 21.
Rcd1 Rfd8 22. Bd4 Be4 23. Rb3 Bc2 24. Rbb1 Bxd1 25. Rxd1 Bc5 26. Qa2 Bxd4 27.
exd4 Qd6 28. Ne5 Qb6 29. d5 Rxd5 30. Rxd5 exd5 31. Qxd5 Qc7 32. Nd3 b4 33. g3
a5 0-1

[Event "BCC Championship"]
[Site "Berkeley"]
[Date "2008.12.12"]
[Round "7.5"]
[White "Macintyre, Brendan"]
[Black "Muntean, Tudor"]
[Result "1/2-1/2"]
[WhiteElo "1636"]
[BlackElo "1491"]
[PlyCount "89"]
[EventDate "2008.??.??"]
[SourceDate "2007.10.22"]

1. d4 f5 2. Nf3 Nf6 3. g3 d5 4. Bg2 e6 5. Ne5 Nbd7 6. f4 c5 7. e3 Bd6 8. Nd2
Qb6 9. c3 Ne4 10. Bxe4 fxe4 11. Qh5+ g6 12. Nxg6 Nf6 13. Qg5 hxg6 14. Qxf6 Rg8
15. Qg5 Be7 16. Qg4 e5 17. Qe2 cxd4 18. exd4 exd4 19. cxd4 Qxd4 20. Nb3 Qb6 21.
Bd2 Bd7 22. Qf2 Qxf2+ 23. Kxf2 Rc8 24. Rac1 Kf7 25. Ke3 Rgd8 26. Rxc8 Rxc8 27.
Rc1 Rxc1 28. Bxc1 Ba4 29. Nd4 Bc5 30. Bd2 Kf6 31. b3 Bb5 32. a4 Bd3 33. b4 Bb6
34. a5 Bxd4+ 35. Kxd4 Bc4 36. Ke3 Kf5 37. Bc3 Kg4 38. Kf2 Kh3 39. Kg1 e3 40.
Bd4 e2 41. Bc3 d4 42. Bd2 d3 43. Bc3 Bd5 44. Bd2 Bg2 45. Bc3 1/2-1/2

[Event "Berkeley CC FNM; 30/90, SD/30"]
[Site "Berkeley"]
[Date "2009.05.15"]
[Round "3.5"]
[White "Macintyre, Brendan"]
[Black "Muntean, Tudor"]
[Result "1-0"]
[WhiteElo "1689"]
[BlackElo "1501"]
[PlyCount "65"]
[EventDate "2009.??.??"]
[SourceDate "2007.10.22"]

1. d4 f5 2. c4 Nf6 3. Nc3 e6 4. Bg5 h6 5. Bxf6 Qxf6 6. e4 fxe4 7. Nxe4 Bb4+ 8.
Nc3 c5 9. Nf3 Nc6 10. a3 Ba5 11. dxc5 Bxc3+ 12. bxc3 Qxc3+ 13. Nd2 Nd4 14. Ra2
Rf8 15. Be2 Rf5 16. O-O Nxe2+ 17. Qxe2 Re5 18. Ne4 Qd4 19. Nd6+ Ke7 20. Qf3
Qxc5 21. Nxb7 Bxb7 22. Qxb7 Rf8 23. Rd2 Qxc4 24. Rxd7+ Kf6 25. Qxa7 Rc8 26.
Rf7+ Kg6 27. Rxg7+ Kh5 28. Qf7+ Kh4 29. Qf6+ Rg5 30. Qxh6+ Rh5 31. g3+ Kh3 32.
Qxh5+ Qh4 33. Qxh4# 1-0

[Event "Blackburne Friday Night Marathon"]
[Site "Berkeley"]
[Date "2009.04.17"]
[Round "6.9"]
[White "Macintyre, Brendan"]
[Black "Van Gorder, Neil A"]
[Result "1-0"]
[WhiteElo "1642"]
[BlackElo "1421"]
[PlyCount "113"]
[EventDate "2009.??.??"]
[SourceDate "2007.10.22"]

1. d4 d5 2. c4 c6 3. Nc3 Nf6 4. e3 e6 5. Nf3 Nbd7 6. Bd3 dxc4 7. Bxc4 b5 8. Bd3
Be7 9. O-O O-O 10. Qc2 b4 11. Ne2 c5 12. Ng5 g6 13. Ne4 Qb6 14. b3 cxd4 15.
exd4 Bb7 16. Nxf6+ Bxf6 17. Be3 Qd6 18. Qd2 Rac8 19. Rac1 a5 20. Rc2 Rxc2 21.
Bxc2 Rc8 22. Rc1 Nb6 23. Bd3 Rxc1+ 24. Qxc1 Qc6 25. Qxc6 Bxc6 26. Kf1 Nd5 27.
Bd2 h5 28. Be4 Kf8 29. f3 Ke7 30. Bxd5 Bxd5 31. Kf2 Kd6 32. Ke3 e5 33. Kd3 Bg7
34. dxe5+ Bxe5 35. h3 Kc5 36. Be3+ Kb5 37. f4 Bf6 38. g4 hxg4 39. hxg4 Bf3 40.
g5 Bxe2+ 41. Kxe2 Bb2 42. Kd3 a4 43. Ke4 axb3 44. axb3 Kc6 45. Bd4 Bc1 46. Be5
Bd2 47. Kd4 Bc3+ 48. Kc4 Bd2 49. Kd3 Be1 50. Ke4 Bd2 51. Bd4 Kd6 52. Be3 Bc3
53. f5 gxf5+ 54. Kxf5 Kd5 55. Ba7 Bb2 56. Bb6 Bc3 57. Ba5 {B time exp} 1-0

[Event "Blackburne Friday Night Marathon"]
[Site "Berkeley"]
[Date "2009.04.03"]
[Round "4.5"]
[White "Magganas, Alexander"]
[Black "Andries, W Craig"]
[Result "0-1"]
[WhiteElo "1241"]
[BlackElo "1867"]
[PlyCount "40"]
[EventDate "2009.??.??"]
[SourceDate "2007.10.22"]

1. d4 Nf6 2. c4 g6 3. Nc3 d6 4. Nf3 Bg7 5. e3 O-O 6. Be2 Nbd7 7. O-O e5 8. d5
a6 9. Qc2 Qe7 10. Ng5 h6 11. Nge4 Nxe4 12. Nxe4 f5 13. Ng3 Nf6 14. Bd3 h5 15.
f4 Ng4 16. h3 h4 17. hxg4 hxg3 18. g5 exf4 19. exf4 Bd4+ 20. Kh1 Qh7# 0-1

[Event "Berkeley CC Reti FNM; 30/90, SD/60"]
[Site "Berkeley CA"]
[Date "2011.05.06"]
[Round "3.13"]
[White "Magganas, Alexander"]
[Black "Cacho, Robert Amil"]
[Result "1/2-1/2"]
[WhiteElo "1520"]
[BlackElo "1046"]
[PlyCount "52"]
[EventDate "2011.??.??"]
[SourceDate "2007.10.22"]

1. e4 e5 2. Nc3 Nf6 3. d3 Bb4 4. f4 Bxc3+ 5. bxc3 exf4 6. Bxf4 d6 7. h3 d5 8.
e5 Qe7 9. d4 Ne4 10. Qf3 Qh4+ 11. g3 Qe7 12. c4 Qb4+ 13. Kd1 Nc3+ 14. Kc1 Qa3+
15. Kd2 Ne4+ 16. Kd1 Qxf3+ 17. Nxf3 Nf2+ 18. Ke1 Nxh1 19. cxd5 h6 20. g4 g5 21.
Bh2 c6 22. dxc6 Nxc6 23. Bg2 Be6 24. c3 Rc8 25. Bxh1 Bd5 26. Kd2 Bxf3 1/2-1/2

[Event "Berkeley CC Reti FNM; 30/90, SD/60"]
[Site "Berkeley"]
[Date "2011.05.13"]
[Round "4.10"]
[White "Magganas, Alexander"]
[Black "Chamberlain, Ethan"]
[Result "0-1"]
[WhiteElo "1520"]
[BlackElo "1878"]
[PlyCount "32"]
[EventDate "2011.??.??"]
[SourceDate "2007.10.22"]

1. e4 c5 2. Nf3 g6 3. d4 cxd4 4. Nxd4 Nc6 5. Nc3 Bg7 6. Be3 Nf6 7. Bc4 Qa5 8.
O-O O-O 9. Bb3 d6 10. h3 Bd7 11. f4 Qh5 12. Qf3 Qxf3 13. Rxf3 Nxe4 14. Nxe4
Nxd4 15. Rf2 Nf5 16. Bc1 Bd4 0-1

[Event "David Pruess FNM; 30/90, SD/30"]
[Site "Berkeley"]
[Date "2008.09.26"]
[Round "4.11"]
[White "Magganas, Aristotle"]
[Black "Clara, John A"]
[Result "0-1"]
[WhiteElo "1018"]
[BlackElo "1416"]
[PlyCount "44"]
[EventDate "2008.??.??"]
[SourceDate "2007.10.22"]

1. e4 c6 2. d4 d5 3. Nc3 dxe4 4. Nxe4 Bf5 5. Ng3 Bg6 6. h4 h6 7. Nf3 e6 8. h5
Bh7 9. Bd3 Bxd3 10. Qxd3 Bd6 11. Bd2 Qc7 12. Nf1 Nd7 13. O-O-O Ngf6 14. Ne3
O-O-O 15. Kb1 c5 16. c3 Kb8 17. Bc1 Nb6 18. Qc2 c4 19. g4 Bf4 20. Rhg1 Nbd5 21.
Qe2 b5 22. b3 Nxc3+ 0-1

[Event "BCC Adolf Anderssen Friday Night Marath"]
[Site "Berkeley"]
[Date "2009.01.30"]
[Round "4"]
[White "Magganas, Aristotle"]
[Black "Clara, John A"]
[Result "1-0"]
[WhiteElo "1096"]
[BlackElo "1426"]
[PlyCount "43"]
[EventDate "2009.??.??"]
[SourceDate "2007.10.22"]

1. d4 d6 2. c4 Nf6 3. Nc3 g6 4. e4 Bg7 5. Nf3 O-O 6. Be2 Nbd7 7. O-O Re8 8. Re1
e5 9. d5 Nc5 10. Bg5 h6 11. Bh4 g5 12. Nxg5 hxg5 13. Bxg5 Qd7 14. h3 Nfxe4 15.
Nxe4 Nxe4 16. Bg4 f5 17. Rxe4 fxg4 18. Rxg4 Qf7 19. Rg3 Rf8 20. Qe2 Kh8 21. Rc1
Bf6 22. Bxf6+ 1-0

[Event "Berkeley CC FNM; 30/90, SD/30"]
[Site "Berkeley"]
[Date "2009.05.08"]
[Round "2.9"]
[White "Magganas, Aristotle"]
[Black "Clara, John"]
[Result "0-1"]
[WhiteElo "1273"]
[BlackElo "1477"]
[PlyCount "82"]
[EventDate "2009.??.??"]
[SourceDate "2007.10.22"]

1. d4 Nf6 2. c4 g6 3. Nc3 Bg7 4. Nf3 d6 5. e4 O-O 6. Be2 Nbd7 7. Be3 e5 8. d5
b6 9. Qd2 Ng4 10. O-O Nxe3 11. Qxe3 Nc5 12. b4 Nd7 13. Rac1 f5 14. Ng5 f4 15.
Ne6 fxe3 16. Nxd8 exf2+ 17. Kh1 Rxd8 18. Rxf2 Nf6 19. Rcf1 Bg4 20. Bxg4 Nxg4
21. Rf7 Rf8 22. Rxf8+ Rxf8 23. Rxf8+ Kxf8 24. Nb5 Nf2+ 25. Kg1 Nxe4 26. Nxc7
Nd2 27. Ne6+ Kf7 28. c5 bxc5 29. bxc5 dxc5 30. Nxc5 Ke7 31. Kf2 Kd6 32. Nd3
Kxd5 33. Ke3 Nc4+ 34. Ke2 e4 35. Nb4+ Kc5 36. Nc2 h5 37. h4 Bf6 38. g3 Be5 39.
Kf2 e3+ 40. Nxe3 Nxe3 41. Kxe3 Bxg3 0-1

[Event "BCC Annual Championship"]
[Site "?"]
[Date "2008.10.31"]
[Round "2.9"]
[White "Magganas, Alexander"]
[Black "Cole, Tony"]
[Result "0-1"]
[WhiteElo "1078"]
[BlackElo "1355"]
[PlyCount "36"]
[EventDate "2008.??.??"]
[SourceDate "2007.10.22"]

1. d4 d5 2. Nf3 Nf6 3. Nbd2 Nc6 4. e3 Bf5 5. c4 e6 6. Be2 Nb4 7. Qa4+ c6 8. Bd1
Nd3+ 9. Ke2 Be7 10. Ne5 O-O 11. Nxd3 Ng4 12. Ne1 c5 13. Ndf3 Qb6 14. Qb5 Qc7
15. h3 Nf6 16. Bb3 a6 17. Qa4 b5 18. Qa3 cxd4 0-1

[Event "BCC Adolf Anderssen Friday Night Marath"]
[Site "Berkeley"]
[Date "2009.01.16"]
[Round "2.12"]
[White "Magganas, Alexander"]
[Black "Cole, Tony"]
[Result "1-0"]
[WhiteElo "1129"]
[BlackElo "1359"]
[PlyCount "43"]
[EventDate "2009.??.??"]
[SourceDate "2007.10.22"]

1. d4 d5 2. Nf3 Nf6 3. e3 Nc6 4. c4 b6 5. Nc3 e6 6. Qb3 Na5 7. Qb5+ c6 8. Qa4
dxc4 9. Bxc4 b5 10. Nxb5 cxb5 11. Bxb5+ Bd7 12. Bxd7+ Nxd7 13. Ne5 Nb7 14. Nc6
Qb6 15. Ne5 Bb4+ 16. Bd2 Bxd2+ 17. Kxd2 -- 18. Nc6 Rc8 19. Rhc1 Nd6 20. Ne5
Qxb2+ 21. Kd3 Rxc1 22. Qxd7+ 1-0

[Event "BCC Championship"]
[Site "Berkeley"]
[Date "2008.12.12"]
[Round "7.6"]
[White "Magganas, Alexander"]
[Black "Craven, Richard M"]
[Result "0-1"]
[WhiteElo "1078"]
[BlackElo "1515"]
[PlyCount "66"]
[EventDate "2008.??.??"]
[SourceDate "2007.10.22"]

1. d4 d5 2. Nf3 Bf5 3. e3 e6 4. Bd2 c5 5. Bb5+ Nc6 6. Ne5 Qc7 7. O-O a6 8.
Bxc6+ bxc6 9. Nf3 Nf6 10. Nc3 Ne4 11. Nxe4 Bxe4 12. Ng5 Bg6 13. Rc1 Bd6 14. g3
h6 15. Nf3 Bh5 16. Kg2 O-O 17. Qe1 Bxf3+ 18. Kxf3 Rae8 19. Kg2 cxd4 20. exd4 e5
21. Ba5 Qb8 22. Qc3 Qb7 23. Rfe1 exd4 24. Qxd4 c5 25. Qg4 d4+ 26. f3 Qxb2 27.
Rxe8 Rxe8 28. Qd7 Qb5 29. Qxb5 axb5 30. Kf2 Ra8 31. Bd2 Rxa2 32. Ke2 c4 33. c3
Ba3 0-1

[Event "Berkeley CC FNM; 30/90, SD/30"]
[Site "Berkeley"]
[Date "2009.05.29"]
[Round "5"]
[White "Magganas, Alexander"]
[Black "Craven, Richard M"]
[Result "1/2-1/2"]
[WhiteElo "1312"]
[BlackElo "1550"]
[PlyCount "58"]
[EventDate "2009.??.??"]
[SourceDate "2007.10.22"]

1. e4 e5 2. Nf3 Nc6 3. Bb5 a6 4. Ba4 Bc5 5. O-O Nf6 6. Bxc6 dxc6 7. d3 Bg4 8.
Nbd2 b5 9. Qe1 Qd6 10. h3 Bh5 11. Nh4 Qe6 12. Nb3 Bb6 13. Be3 Nd7 14. Nf5 O-O
15. Bxb6 cxb6 16. Qc3 c5 17. f4 b4 18. Qe1 g6 19. Qg3 Kh8 20. Ne3 f5 21. exf5
gxf5 22. Qg5 exf4 23. Qxf4 Bg6 24. Rae1 Qc6 25. Nc4 Rae8 26. Rxe8 Rxe8 27. Rf2
Re6 28. Ne3 Re5 29. Nc4 Re6 1/2-1/2

[Event "Berkeley CC Capablanca FNM; 30/90, SD/3"]
[Site "Berkeley"]
[Date "2011.09.16"]
[Round "1.18"]
[White "Magganas, Alexander"]
[Black "Deng, David"]
[Result "1-0"]
[WhiteElo "1665"]
[BlackElo "1414"]
[PlyCount "43"]
[EventDate "2011.??.??"]
[SourceDate "2007.10.22"]

1. e4 c5 2. Nf3 d6 3. d4 cxd4 4. Nxd4 Nf6 5. Nc3 a6 6. f3 g6 7. Be3 Bg7 8. Qd2
O-O 9. O-O-O b5 10. g4 Bb7 11. h4 Qa5 12. Nb3 Qc7 13. h5 Rc8 14. hxg6 fxg6 15.
a3 Nbd7 16. Bh6 Ne5 17. Bxg7 Kxg7 18. Qh6+ Kg8 19. g5 Nh5 20. Bh3 Rd8 21. Be6+
Kh8 22. f4 {B time exp} 1-0

[Event "Blackburne Friday Night Marathon"]
[Site "Berkeley"]
[Date "2009.03.13"]
[Round "1"]
[White "Magganas, Aristotle"]
[Black "Gonda, Thomas A"]
[Result "0-1"]
[WhiteElo "1097"]
[BlackElo "1692"]
[PlyCount "55"]
[EventDate "2009.??.??"]
[SourceDate "2007.10.22"]

1. d4 Nf6 2. c4 e6 3. Nc3 Bb4 4. Qc2 b6 5. Nf3 Bb7 6. Bg5 d5 7. e3 Nbd7 8. Bd3
dxc4 9. Bxc4 Bxf3 10. gxf3 h6 11. Bh4 g5 12. Bg3 Nh5 13. Bxe6 Bxc3+ 14. bxc3
Nxg3 15. Bxd7+ Qxd7 16. fxg3 O-O-O 17. Qe4 c6 18. Qd3 Rde8 19. e4 Re7 20. Kf2
g4 21. f4 Rhe8 22. e5 f6 23. Rab1 fxe5 24. Qa6+ Kb8 25. Rhe1 exd4 26. Rxe7 Rxe7
27. cxd4 Qxd4+ 28. Kf1 0-1

[Event "Blackburne Friday Night Marathon"]
[Site "Berkeley"]
[Date "2009.03.27"]
[Round "3.9"]
[White "Magganas, Alexander"]
[Black "Hirsch, Jack"]
[Result "1-0"]
[WhiteElo "1241"]
[BlackElo "1083"]
[PlyCount "96"]
[EventDate "2009.??.??"]
[SourceDate "2007.10.22"]

1. d4 d5 2. Nf3 Nc6 3. e3 Bg4 4. Bb5 e6 5. Nbd2 Nf6 6. h3 Bh5 7. g4 Bg6 8. Ne5
Bd6 9. f3 a6 10. Bxc6+ bxc6 11. c3 c5 12. Qa4+ Nd7 13. h4 f6 14. Nxd7 Qxd7 15.
Qxd7+ Kxd7 16. e4 cxd4 17. cxd4 dxe4 18. h5 Bf7 19. fxe4 Bb4 20. O-O c5 21. e5
Ke7 22. exf6+ gxf6 23. Ne4 cxd4 24. Nxf6 Raf8 25. Bg5 Kd6 26. Rac1 h6 27. Bf4+
Ke7 28. Be5 Bd2 29. Rc7+ Kd8 30. Rd7+ Kc8 31. Kg2 Bg5 32. Rc7+ Kd8 33. Ne4 Rhg8
34. Rfxf7 Rxf7 35. Rxf7 Be7 36. Kh3 d3 37. Rf3 Rf8 38. Rxd3+ Ke8 39. Nd6+ Bxd6
40. Bxd6 Rf7 41. Rb3 Rd7 42. Rb6 a5 43. Kh4 Kf7 44. Bf4 Kf6 45. Bxh6 a4 46.
Bg5+ Kf7 47. h6 Kg6 48. Rxe6+ Kh7 {remainder missing} 1-0

[Event "Berkeley CS Rubinstein FNM; 30/90, SD/3"]
[Site "Berkeley"]
[Date "2011.09.02"]
[Round "6.4"]
[White "Magganas, Alexande"]
[Black "Kenny, Michael"]
[Result "0-1"]
[WhiteElo "1665"]
[BlackElo "1671"]
[PlyCount "84"]
[EventDate "2011.??.??"]
[SourceDate "2007.10.22"]

1. e4 e6 2. d4 d5 3. Nd2 Nf6 4. e5 Nfd7 5. Bd3 c5 6. c3 Nc6 7. Ne2 Qb6 8. Nf3
cxd4 9. cxd4 Bb4+ 10. Bd2 f6 11. exf6 Nxf6 12. O-O O-O 13. Bg5 Be7 14. Qb1 h6
15. Bh4 Nb4 16. Bg6 Bd6 17. Bg3 Bd7 18. Ne5 Bxe5 19. Bxe5 Bb5 20. Re1 Ng4 21.
Bg3 Bxe2 22. Rxe2 Qxd4 23. h3 Nf6 24. Rxe6 Rac8 25. Be5 Qh4 26. Bxf6 Rxf6 27.
Rxf6 Qxf6 28. a3 Nc6 29. Qf5 Qxf5 30. Bxf5 Re8 31. Bg4 Kf7 32. Bf3 Rd8 33. Rd1
Ke6 34. Bg4+ Kd6 35. f4 a5 36. Rd3 Kc5 37. Kf2 d4 38. Rf3 b5 39. Ke2 b4 40. a4
Ne7 41. Rf1 Nd5 42. g3 Re8+ {remainder illegible. W time exp} 0-1

[Event "Purdy FNM; 30/90, SD/30"]
[Site "Berkeley"]
[Date "2010.01.08"]
[Round "1.7"]
[White "Magganas, Alexander"]
[Black "Krasnov, Steven L"]
[Result "0-1"]
[WhiteElo "1468"]
[BlackElo "1913"]
[PlyCount "52"]
[EventDate "2010.??.??"]
[SourceDate "2007.10.22"]

1. e4 c5 2. c3 e6 3. d4 d5 4. e5 Bd7 5. Nf3 Qb6 6. a3 Nc6 7. b4 c4 8. Be2 a5 9.
Bb2 Nh6 10. Nbd2 Be7 11. Qc2 O-O 12. h4 axb4 13. axb4 Rxa1+ 14. Bxa1 Ra8 15.
Bb2 Qd8 16. h5 Be8 17. Rg1 Ng4 18. Ng5 Bxg5 19. Bxg4 Ra2 20. f3 Qb6 21. Qb1
Bxd2+ 22. Kxd2 Nxb4 23. cxb4 Qxd4+ 24. Kc1 Qxg1+ 25. Kc2 Qf2+ 26. Kd1 Ba4+ 0-1

[Event "David Pruess FNM; 30/90, SD/30"]
[Site "Berkeley"]
[Date "2008.10.10"]
[Round "6.12"]
[White "Magganas, Alexander"]
[Black "Landrum, Brett John David"]
[Result "1/2-1/2"]
[WhiteElo "1078"]
[BlackElo "1502"]
[PlyCount "86"]
[EventDate "2008.??.??"]
[SourceDate "2007.10.22"]

1. e4 e5 2. Nf3 Nc6 3. Bc4 h6 4. c3 d6 5. d4 exd4 6. cxd4 Bg4 7. Qd3 Qf6 8. d5
Ne5 9. Nxe5 Qxe5 10. Bb5+ Bd7 11. Nc3 Nf6 12. Bxd7+ Kxd7 13. f4 Qh5 14. Be3 a6
15. Qc2 Be7 16. Qe2 Qxe2+ 17. Kxe2 b5 18. e5 dxe5 19. fxe5 Ng4 20. Bf4 g5 21.
Bg3 h5 22. Kf3 Bc5 23. Rhe1 Rhe8 24. Ne4 Be7 25. Rad1 Bd8 26. Nc5+ Kc8 27. d6
cxd6 28. exd6 Ne5+ 29. Rxe5 Rg8 30. d7+ Kc7 31. Re8+ Kc6 32. Rxg8 Kxc5 33.
Rxg5+ Bxg5 34. Ke4 Be7 35. Rc1+ Kb6 36. Bc7+ Kb7 37. Kd5 Rg8 38. g3 Rg5+ 39.
Be5 f6 40. Rc7+ Kb6 41. Rc6+ Kb7 42. Rc7+ Kb6 43. Rc6+ Kb7 1/2-1/2

[Event "BCC Adolf Anderssen Friday Night Marath"]
[Site "Berkeley"]
[Date "2009.01.09"]
[Round "1.8"]
[White "Magganas, Aristotle"]
[Black "Landrum, Brett John"]
[Result "0-1"]
[WhiteElo "1096"]
[BlackElo "1454"]
[PlyCount "102"]
[EventDate "2009.??.??"]
[SourceDate "2007.10.22"]

1. e4 e5 2. Nf3 d6 3. d4 exd4 4. Nxd4 g6 5. Nc3 Bg7 6. Bc4 Ne7 7. Be3 O-O 8.
Qd2 b6 9. f3 Bb7 10. O-O-O Nbc6 11. Nb3 Nb4 12. a3 Bxc3 13. bxc3 Nbc6 14. g4
Ne5 15. Be2 a5 16. Nd4 Ba6 17. Bxa6 Rxa6 18. Rhf1 Nc4 19. Qd3 d5 20. Nb5 Nxe3
21. Qxe3 c6 22. Nd4 Qd6 23. Ne2 Qxa3+ 24. Kd2 Rd8 25. Ke1 b5 26. Kf2 Qd6 27.
Qf4 Qxf4 28. Nxf4 g5 29. Ng2 a4 30. exd5 Nxd5 31. Ne3 Raa8 32. Nxd5 Rxd5 33.
Rxd5 cxd5 34. Ra1 a3 35. Ke3 Ra4 36. Kd3 Kg7 37. Rb1 a2 38. Ra1 Kg6 39. Kd2 h5
40. h3 h4 41. Kc1 Rf4 42. Rxa2 Rxf3 43. Ra5 Rxh3 44. Rxb5 Rxc3 45. Rxd5 Rg3 46.
Rd1 Rxg4 47. Kb2 h3 48. Rc1 h2 49. Rh1 Rg2 50. Kb3 g4 51. c4 g3 0-1

[Event "Purdy FNM; 30/90, SD/30"]
[Site "Berkeley"]
[Date "2010.01.08"]
[Round "1.9"]
[White "Magganas, Aristotle"]
[Black "Lum, Michael K"]
[Result "1/2-1/2"]
[WhiteElo "1288"]
[BlackElo "1836"]
[PlyCount "54"]
[EventDate "2010.??.??"]
[SourceDate "2007.10.22"]

1. e4 c6 2. d4 d5 3. Nc3 dxe4 4. Nxe4 Nf6 5. Nxf6+ gxf6 6. Nf3 Bg4 7. h3 Bh5 8.
c3 Qc7 9. Bd3 Nd7 10. g4 Bg6 11. h4 O-O-O 12. h5 Bxd3 13. Qxd3 e6 14. g5 Be7
15. Rg1 fxg5 16. Bxg5 Bxg5 17. Nxg5 Rhg8 18. Ke2 Qa5 19. Nf3 Rxg1 20. Rxg1 Qxh5
21. Rg7 Ne5 22. Qe4 Nxf3 23. Qxf3 Qb5+ 24. Ke3 f5 25. Qf4 Rd7 26. Rg8+ Rd8 27.
Rg7 Rd7 1/2-1/2

[Event "BCC Annual Championship"]
[Site "?"]
[Date "2008.10.31"]
[Round "2.5"]
[White "Magganas, Aristotle"]
[Black "Motschenbacher, Von"]
[Result "0-1"]
[WhiteElo "1018"]
[BlackElo "1765"]
[PlyCount "56"]
[EventDate "2008.??.??"]
[SourceDate "2007.10.22"]

1. e4 e6 2. d4 d5 3. Nc3 Bb4 4. e5 c5 5. a3 Bxc3+ 6. bxc3 Qc7 7. Nf3 Ne7 8. Be2
b6 9. Bd3 Ba6 10. Bxa6 Nxa6 11. O-O Rc8 12. Bb2 cxd4 13. Qxd4 Nc5 14. c4 Nf5
15. Qf4 Na4 16. Rab1 Nxb2 17. Rxb2 Qxc4 18. Qxc4 Rxc4 19. Nd2 Rc3 20. Ra1 Ke7
21. Kf1 Rhc8 22. Rc1 Nd4 23. Ke1 Nxc2+ 24. Kd1 Nxa3 25. Rxc3 Rxc3 26. Rb3 Rxb3
27. Nxb3 g5 28. g4 Nc4 0-1

[Event "Berkeley CC Santasiere FNM; 30/90, SD/3"]
[Site "Berkeley CA"]
[Date "2009.09.04"]
[Round "5.8"]
[White "Magganas, Aristotle"]
[Black "Muntean, Tudor"]
[Result "0-1"]
[WhiteElo "1230"]
[BlackElo "1578"]
[PlyCount "38"]
[EventDate "2009.??.??"]
[SourceDate "2007.10.22"]

1. d4 f5 2. c4 Nf6 3. Nf3 e6 4. Bf4 d5 5. e3 c6 6. Nc3 Nbd7 7. Qc2 Be7 8. Bd3
Ne4 9. Bxe4 fxe4 10. Ne5 O-O 11. O-O-O Bg5 12. Nxd7 Bxd7 13. Bd6 Rf5 14. Kb1
Qf6 15. Rhf1 Bxe3 16. fxe3 Rxf1 17. Rxf1 Qxf1+ 18. Qc1 Qxc4 19. Qd2 Qd3+ 0-1

[Event "BCC Adolf Anderssen Friday Night Marath"]
[Site "Berkeley"]
[Date "2009.02.13"]
[Round "6"]
[White "Magganas, Aristotle"]
[Black "Nelson, Christopher"]
[Result "1-0"]
[WhiteElo "1096"]
[BlackElo "1492"]
[PlyCount "31"]
[EventDate "2009.??.??"]
[SourceDate "2007.10.22"]

1. e4 d5 2. exd5 Nf6 3. Nc3 Nxd5 4. Nf3 g6 5. Bc4 Nxc3 6. dxc3 Qxd1+ 7. Kxd1
Bg4 8. Ke2 e5 9. h3 Bxf3+ 10. Kxf3 Nd7 11. Be3 Bg7 12. Rad1 O-O-O 13. Ke2 f5
14. f3 f4 15. Bxa7 b6 16. Ba6# 1-0

[Event "David Pruess FNM; 30/90, SD/30"]
[Site "Berkeley"]
[Date "2008.09.26"]
[Round "4.10"]
[White "Magganas, Alexander"]
[Black "Ren, James"]
[Result "0-1"]
[WhiteElo "1078"]
[BlackElo "1356"]
[PlyCount "36"]
[EventDate "2008.??.??"]
[SourceDate "2007.10.22"]

1. d4 Nf6 2. c4 g6 3. Nc3 d5 4. e3 Bg7 5. Nf3 O-O 6. b3 c6 7. Bd2 Na6 8. Be2 b6
9. O-O Bb7 10. a3 c5 11. Qc2 Rc8 12. Bd3 Nc7 13. Rfe1 Ne6 14. Ne2 Qc7 15. Rac1
Rfd8 16. Bc3 dxc4 17. bxc4 Bxf3 18. gxf3 Ng5 0-1

[Event "Berkeley CC FNM; 30/90, SD/30"]
[Site "Berkeley"]
[Date "2009.05.01"]
[Round "1.8"]
[White "Magganas, Alexander"]
[Black "Rozenblatt, Daniel"]
[Result "0-1"]
[WhiteElo "1312"]
[BlackElo "1669"]
[PlyCount "46"]
[EventDate "2009.??.??"]
[SourceDate "2007.10.22"]

1. d4 d5 2. Nf3 Nf6 3. Nbd2 Bg4 4. h3 Bh5 5. c4 e6 6. Qb3 Nc6 7. e3 Na5 8. Qa4+
c6 9. b4 Bxf3 10. Nxf3 Nxc4 11. Bxc4 dxc4 12. b5 Qd5 13. bxc6 b5 14. Qa5 Qxc6
15. Bd2 Qb6 16. Rb1 Qxa5 17. Bxa5 Rb8 18. Ne5 Bd6 19. Nxc4 bxc4 20. Rxb8+ Bxb8
21. Bb4 Kd7 22. Ke2 Bd6 23. Bd2 Ba3 0-1

[Event "Berkeley CC Capablanca FNM; 30/90, SD/3"]
[Site "Berkeley"]
[Date "2011.09.30"]
[Round "3.9"]
[White "Magganas, Alexander"]
[Black "Sadowsky, Jacob"]
[Result "0-1"]
[WhiteElo "1665"]
[BlackElo "1450"]
[PlyCount "56"]
[EventDate "2011.??.??"]
[SourceDate "2007.10.22"]

1. e4 Nf6 2. Nc3 d5 3. e5 d4 4. exf6 dxc3 5. fxg7 cxd2+ 6. Qxd2 Qxd2+ 7. Bxd2
Bxg7 8. O-O-O Bf5 9. Bf4 e5 10. Be3 Nd7 11. Bd3 Bg6 12. h4 O-O-O 13. Bc4 h5 14.
Bxa7 f5 15. Be3 f4 16. Bd2 Nf6 17. Be6+ Kb8 18. f3 Rd6 19. Bb3 b5 20. a4 bxa4
21. Bxa4 Ra6 22. b3 Nd5 23. Ne2 Kb7 24. Bc3 Nb6 25. Bd7 Ra2 26. Bb2 e4 27. Nd4
Nxd7 28. Kb1 Raa8 0-1

[Event "BCC Championship"]
[Site "Berkeley"]
[Date "2008.12.12"]
[Round "7.14"]
[White "Magganas, Aristotle"]
[Black "Salerno, Stacy"]
[Result "1-0"]
[WhiteElo "1018"]
[BlackElo "682"]
[PlyCount "29"]
[EventDate "2008.??.??"]
[SourceDate "2007.10.22"]

1. e4 e5 2. Nf3 Nc6 3. Bc4 Nf6 4. Ng5 d5 5. exd5 Nxd5 6. Nxf7 Kxf7 7. Qf3+ Ke6
8. Nc3 Ncb4 9. O-O c6 10. d4 Bd6 11. a3 Rf8 12. Qe4 b5 13. Bb3 Na6 14. Bxd5+
Ke7 15. Bg5+ 1-0

[Event "BCC Adolf Anderssen Friday Night Marath"]
[Site "Berkeley"]
[Date "2009.01.30"]
[Round "4.11"]
[White "Magganas, Alexander"]
[Black "Strand, Douglas"]
[Result "1/2-1/2"]
[WhiteElo "1129"]
[BlackElo "1212"]
[PlyCount "60"]
[EventDate "2009.??.??"]
[SourceDate "2007.10.22"]

1. d4 a6 2. e4 b5 3. Nf3 Bb7 4. Bd3 e6 5. O-O c5 6. c3 Nf6 7. Re1 d6 8. Bg5 Be7
9. Nbd2 Nbd7 10. e5 Nd5 11. Bxe7 Qxe7 12. exd6 Qxd6 13. Ne4 Qe7 14. Ng3 N7f6
15. Nf5 Qd7 16. Ne5 Qc7 17. Ng4 O-O-O 18. Nxf6 gxf6 19. Ng3 Nf4 20. Be4 f5 21.
Bxb7+ Qxb7 22. f3 cxd4 23. cxd4 Qb6 24. Qc1+ Qc7 25. Qd2 Kb7 26. Rac1 Qd6 27.
Red1 Rc8 28. Rxc8 Rxc8 29. Ne2 Nxe2+ 30. Qxe2 Rc4 1/2-1/2

[Event "BCC Annual Championship"]
[Site "?"]
[Date "2008.11.21"]
[Round "5.14"]
[White "Magganas, Aristotle"]
[Black "Van Gorder, Neil A"]
[Result "0-1"]
[WhiteElo "1018"]
[BlackElo "1524"]
[PlyCount "78"]
[EventDate "2008.??.??"]
[SourceDate "2007.10.22"]

1. d4 d5 2. Nf3 Nf6 3. e3 c6 4. c4 e6 5. Nc3 Nbd7 6. Qc2 Be7 7. Bd2 O-O 8.
O-O-O a6 9. e4 dxe4 10. Nxe4 Nxe4 11. Qxe4 Nf6 12. Qc2 b5 13. Ne5 Bb7 14. Bg5
Qc8 15. Kb1 Re8 16. Bd3 g6 17. Rc1 Nd7 18. Bxe7 Rxe7 19. cxb5 Nxe5 20. dxe5
cxb5 21. Qxc8+ Bxc8 22. Rc2 Bb7 23. Rhc1 Bxg2 24. Rc8+ Rxc8 25. Rxc8+ Kg7 26.
Be2 Bd5 27. Rc5 Rd7 28. Kc2 f6 29. exf6+ Kxf6 30. Rc3 g5 31. Bf3 h6 32. Bxd5
Rxd5 33. Rc6 a5 34. Kb3 Kf5 35. a4 b4 36. Rc2 g4 37. Rc8 h5 38. Rh8 Kg5 39. Re8
Re5 0-1